Statistics for Games of the Year

Click here to take the quiz!

General Stats

  • This quiz has been taken 472 times
    (282 since last reset)
  • The average score is 12 of 50

Answer Stats

YearGame% Correct
2018God of War
81%
2022Elden Ring
73%
2018Red Dead Redemption 2
63%
2020The Last of Us Part II
59%
2017The Legend of Zelda: Breath of the Wild
58%
2022God of War Ragnarök
54%
2018Marvel's Spider-Man
51%
2016Overwatch
48%
2015The Witcher 3: Wild Hunt
44%
2021It Takes Two
42%
2019Sekiro: Shadows Die Twice
42%
2020Ghost of Tsushima
35%
2017Super Mario Odyssey
33%
2016Uncharted 4: A Thief's End
29%
2022Stray
27%
2015Bloodborne
25%
2016Doom
24%
2022Horizon Forbidden West
23%
2017Horizon Zero Dawn
23%
2014Dark Souls II
22%
2015Fallout 4
21%
2020Hades
21%
2021Resident Evil Village
21%
2020Doom Eternal
20%
2020Animal Crossing: New Horizons
19%
2019Super Smash Bros. Ultimate
18%
2018Assassin's Creed Odyssey
16%
2014Dragon Age: Inquisition
16%
2019Death Stranding
14%
2019Resident Evil 2
14%
2017Persona 5
13%
2018Celeste
12%
2018Monster Hunter: World
12%
2017PlayerUnknown's Battlegrounds
12%
2020Final Fantasy VII Remake
9%
2015Metal Gear Solid V: The Phantom Pain
9%
2014Middle-earth: Shadow of Mordor
9%
2015Super Mario Maker
9%
2022A Plague Tale: Requiem
8%
2022Xenoblade Chronicles 3
8%
2016Inside
7%
2014Bayonetta 2
6%
2021Deathloop
6%
2014Hearthstone: Heroes of Warcraft
6%
2016Titanfall 2
6%
2019Control
5%
2021Metroid Dread
5%
2021Ratchet & Clank: Rift Apart
5%
2021Psychonauts 2
4%
2019The Outer Worlds
3%

Score Distribution

Percentile by Number Answered

Percent of People with Each Score

Your Score History

You have not taken this quiz since the last reset